| 000 | 00986nam a2200277Ia 4500 | ||
|---|---|---|---|
| 001 | Para_10042 | ||
| 003 | CHAP | ||
| 008 | 220125sNovi xx 000 0 und d | ||
| 010 | _a208694 | ||
| 040 | _cCHAP | ||
| 090 | _aPA CD - TESIS 123 | ||
| 100 |
_aElizalde Tellez, Adriana _936299 |
||
| 245 |
_aIdentificación del ácaro que causa el descame de las patas de las gallinas en Atlixco, Puebla / _c Adriana Elizalde Tellez; Director Ma. del Carmen Sánchez Gálvez |
||
| 260 |
_aChapingo, Méx. : _b el autor |
||
| 300 | _a1 CDS ROM (70 p.) | ||
| 502 | _aTesis (Ing. Agr. Esp. en Parasitología Agrícola). UACh. Departamento Parasitología Agrícola | ||
| 700 |
_aSánchez Gálvez, Ma. del Carmen _9164748 |
||
| 710 |
_aUACh. Departamento Parasitología Agrícola _9164025 |
||
| 901 | _aPA CD - TESIS 123 | ||
| 902 | _aM | ||
| 905 | _a513220Noviembre, 2011 ab 8100000000 06 | ||
| 910 | _aNovi | ||
| 942 | _cPARA | ||
| 942 |
_cPARA _d2 |
||
| 999 |
_c208694 _d208694 |
||